| 000 | 01084nam a2200253Ia 4500 | ||
|---|---|---|---|
| 999 |
_c52956 _d52956 |
||
| 001 | 19987 | ||
| 003 | GE_BSU | ||
| 005 | 20250317110523.0 | ||
| 008 | 181216s2016ge xx |||||||||||||| ||geo|| | ||
| 020 | _a97899941076022 | ||
| 040 | _cGE_BSU | ||
| 041 | _ageo | ||
| 080 | _a1(38) :141.5 პ-43 | ||
| 100 |
_aპლატონი (427-347 ჩ.წ.ა.) _914012 |
||
| 245 |
_aფედონი / _cპლატონი, ძვ. ბერძნულიდან თარგმნა და შენიშვნები დაურთო ბაჩანა ბრეგვაძემ ; რედ. გ. თევზაძე. |
||
| 264 |
_aთბილისი : _bგამ-ბა Carpe diem, _c2016. |
||
| 300 |
_a170 გვ. ; _c17 სმ. |
||
| 653 | _aსულის უკვდავება | ||
| 653 | _aფედონი | ||
| 653 | _aფილოსოფია | ||
| 700 |
_aბრეგვაძე, ბაჩანა _eმთარგმნელი _93536 |
||
| 700 |
_aთევზაძე, გ. _eრედაქტორი _914105 |
||
| 942 |
_cBK _2udc |
||